Obálka Náhled e-knihy:
PDF
Pro půjčování e-knih musíte být přihlášeni.
Jak si půjčit online?

Agilní metody řízení projektů /

Dvojice autorů, která se v oblasti agilních metod pohybuje řadu let a pracuje s nimi denně, vás seznámí nejen s tím, co agilní přístup znamená, ale i jak jej správně nasadit.

Uloženo v:
Hlavní autor: Šochová, Zuzana (Autor)
Další autoři: Kunce, Eduard (Autor)
Médium: E-kniha
Jazyk:Czech
Vydáno: V Brně : Computer Press, 2024
Vydání:3. aktualizované vydání
Témata:
Tagy:
Žádné tagy
LEADER 02197nam a2200469 i 4500
001 312290
003 CZ PrSKC
005 20260601215720.0
007 ta
008 240223s2024 xr a e f 000 0 cze
015 |a cnb003590822 
020 |a 9788025151075  |q (brožováno) :  |c Kč 499,00 
035 |a (OCoLC)1429249979 
040 |a BOA001  |b cze  |d ABA001  |e rda 
072 7 |a 005  |x Management. Řízení  |2 Konspekt 
080 |a 005.8  |2 MRF 
080 |a 004.415  |2 MRF 
080 |a (035)  |2 MRF 
100 1 |a Šochová, Zuzana  |7 ola2014821846  |4 aut 
245 1 0 |a Agilní metody řízení projektů /  |c Zuzana Šochová, Eduard Kunce 
250 |a 3. aktualizované vydání 
264 1 |a V Brně :  |b Computer Press,  |c 2024 
300 |a 223 stran :  |b barevné ilustrace ;  |c 20 cm 
336 |a text  |b txt  |2 rdacontent 
337 |a bez média  |b n  |2 rdamedia 
338 |a svazek  |b nc  |2 rdacarrier 
504 |a Obsahuje bibliografické odkazy 
520 2 |a Dvojice autorů, která se v oblasti agilních metod pohybuje řadu let a pracuje s nimi denně, vás seznámí nejen s tím, co agilní přístup znamená, ale i jak jej správně nasadit.  |b Kniha je zaměřena na širokou oblast profesí od vývojářů přes softwarové architekty až po projektové manažery či ředitele celých společností. Nakladatelská anotace. Kráceno. 
650 0 7 |a projektový management  |7 ph115894  |x metody  |2 czenas 
650 0 7 |a vývoj softwaru  |7 ph127838  |2 czenas 
650 0 9 |a project management  |x methods  |2 eczenas 
650 0 9 |a software development  |2 eczenas 
653 0 |a agilní metody 
655 7 |a příručky  |7 fd133209  |2 czenas 
655 9 |a handbooks and manuals  |2 eczenas 
700 1 |a Kunce, Eduard  |7 ola2014821850  |4 aut 
900 |a ABA001  |b 19 
928 9 |a Albatros Media - Computer Press 
044 |a xr 
910 |a RBIT002 
998 |d 398533  |a https://core.palmknihy.cz/api/books/398533/cover?s8st28  |b https://core.palmknihy.cz/api/books/398533/cover/400?s8st28  |c https://core.palmknihy.cz/api/books/398533/cover/50?s8st28  |e 2050-12-31  |g 224  |i 9788025151075  |k https://core.palmknihy.cz/api/books/398533/preview.pdf  |l   |q 49  |r 1  |s https://www.palmknihy.cz/kniha/398533  |t ebook  |y 2024  |z 0 
999 |d 312288